000 00353nam a2200145Ia 4500
008 230917s9999||||xx |||||||||||||| ||und||
040 _e151960
_aMAIN
041 _aEnglish
082 _a181.4 S86K
100 _aShriharshad
245 0 _aKhandankhanda Khadyam
260 _aVaranashi
_bShaddarshan Prakashan
_c1979
300 _a815 p.
942 _cBK
999 _c207617
_d207617